Sports Quiz

Random Sports or Nintendo Quiz

Minnesota Timberwolves First Round Picks Quiz Stats

 Plays Quiz not verified by Sporcle

Support Sporcle.
Go Orange.
Score 0/37 Timer 08:00
0 Plays Today
Year Player % Correct
2011Derrick Williams
100%
2015Karl-Anthony Towns
100%
2018Josh Okogie
100%
2020Anthony Edwards
100%
1995Kevin Garnett
95.7%
2009Ricky Rubio
87.5%
2009Jonny Flynn
83.8%
2008O.J. Mayo
67.6%
1996Ray Allen
64%
2006Brandon Roy
59%
1992Christian Laettner
58.6%
2009Ty Lawson
56.2%
2007Corey Brewer
56%
1993Isaiah Rider
52.5%
2003Ndudi Ebi
52.5%
2010Wesley Johnson
50%
2014Zach LaVine
50%
2016Kris Dunn
50%
2019Cameron Johnson
50%
Year Player % Correct
1989Pooh Richardson
49.4%
2009Wayne Ellington
48.1%
1999Wally Szczerbiak
46.6%
2005Rashad McCants
42.6%
1990Felton Spencer
31.6%
1999William Avery
31.4%
1991Luc Longley
30.2%
1994Donyell Marshall
24.9%
1998Rasho Nesterovic
23.2%
1997Paul Grant
20.4%
1990Gerald Glass
17.3%
2010Luke Babbitt
0%
2010Trevor Booker
0%
2011Donatas Motiejunas
0%
2013Trey Burke
0%
2013André Roberson
0%
2017Lauri Markkanen
0%
2020Aleksej Pokuševski
0%

You're not logged in!

Compare scores with friends on all Sporcle quizzes.
OR
Log In

From the Vault

Missing Letter Blitz

by gunthertoody

We hate when letters go missing. It's such a hassle to find them again!
Remove Ads.
Support Sporcle.
Get the best of Sporcle when you Go Orange. This ad-free experience offers more features, more stats, and more fun while also helping to support Sporcle. Thank you for becoming a member.

Show Comments

Extras

Top Quizzes Today


Score Distribution

Your Account Isn't Verified!

In order to create a playlist on Sporcle, you need to verify the email address you used during registration. Go to your Sporcle Settings to finish the process.

Report this User

Report this user for behavior that violates our Community Guidelines.

Details: